Victorious - Statistiques

Statistiques générales
  • Ce quiz a été pris 746 fois
  • Le résultat moyen est 8 sur 11
Statistiques - réponses
Hint Réponse % Correct
5 Cat Valentine
98%
1 Tori Vega
98%
3 Jade West
97%
4 André Harris
93%
7 Beck Oliver
92%
2 Trina Vega
91%
6 Robbie Shappiro
83%
10 Sinjin
55%
8 Sikowitz
51%
11 Rex
45%
9 Lane
23%
Aucun quiz correspondant
Distribution des résultats
% des personnes avec chaque résultat
Percentile par nombre de réponses
Votre historique - résultats
Vous n’avez pas pris ce quiz